[Event "London Classic op U2050-A 11th"]
[Site "London"]
[Date "2019.11.30"]
[Round "3"]
[White "Ong, Weng Yan"]
[Black "Cowan, Xavier"]
[Result "1/2-1/2"]
[WhiteElo "1703"]
[BlackElo "1740"]
[PlyCount "88"]
[EventDate "2019.11.29"]
[EventType "swiss"]
[EventRounds "5"]
[EventCountry "ENG"]
[SourceTitle "CBM 195 Extra"]
[Source "ChessBase"]
[SourceDate "2020.05.31"]
[SourceVersion "1"]
[SourceVersionDate "2020.05.31"]
[SourceQuality "1"]

1. e4 c5 2. Nf3 d6 3. Bb5+ Nd7 4. 0-0 Ngf6 5. Re1 e6 6. c3 Be7 7. d4 0-0 8. Bf4 a6 9. Bf1 b5 10. dxc5 Nxc5 11. e5 dxe5 12. Nxe5 Qxd1 13. Rxd1 Bb7 14. Nd2 Nd5 15. Bg3 f6 16. Nd3 e5 17. Nxc5 Bxc5 18. c4 bxc4 19. Bxc4 Kh8 20. Nb3 Bd4 21. Nxd4 exd4 22. Rxd4 Nb6 23. Bb3 Rac8 24. f3 Bc6 25. Be6 Rcd8 26. Rxd8 Rxd8 27. Rc1 Bb5 28. Bf2 Rd6 29. Bb3 g6 30. Bxb6 Rxb6 31. Rc2 Rb7 32. Kf2 Re7 33. Bc4 Bxc4 34. Rxc4 Re6 35. b4 Kg7 36. a4 h5 37. b5 Kf7 38. Rc7+ Ke8 39. Rc6 Rxc6 40. bxc6 Kd8 41. Ke3 Kc7 42. Kd4 Kxc6 43. Kc4 f5 44. f4 h4 1/2-1/2

[Event "South Wales op 16th"]
[Site "Cardiff"]
[Date "2019.07.10"]
[Round "6"]
[White "Ong, Weng Yan"]
[Black "Camp, Imogen AL"]
[Result "0-1"]
[WhiteElo "1624"]
[BlackElo "1850"]
[PlyCount "62"]
[EventDate "2019.07.07"]
[EventType "swiss"]
[EventRounds "9"]
[EventCountry "WLS"]
[SourceTitle "CBM 191 Extra"]
[Source "ChessBase"]
[SourceDate "2019.09.30"]
[SourceVersion "1"]
[SourceVersionDate "2019.09.30"]
[SourceQuality "1"]

1. e4 e5 2. Nf3 Nc6 3. c3 Nf6 4. d4 exd4 5. e5 Nd5 6. cxd4 Bb4+ 7. Bd2 Bxd2+ 8. Qxd2 d6 9. Bb5 0-0 10. 0-0 a6 11. Bxc6 bxc6 12. Nc3 Nb6 13. b3 Bg4 14. Qf4 Qd7 15. h3 Bh5 16. Rac1 Rfe8 17. Rfe1 Re6 18. g4 Bg6 19. Nh4 h5 20. Nxg6 Rxg6 21. f3 hxg4 22. hxg4 f5 23. Rc2 fxg4 24. Rg2 Rf8 25. Qe4 gxf3 26. Rxg6 f2+ 27. Kf1 Qh3+ 28. Qg2 fxe1Q+ 29. Kxe1 Qxc3+ 30. Ke2 Qc2+ 31. Ke3 Nd5+ 0-1

[Event "South Wales op 16th"]
[Site "Cardiff"]
[Date "2019.07.09"]
[Round "5"]
[White "Jukes, Sam"]
[Black "Ong, Weng Yan"]
[Result "1-0"]
[WhiteElo "1895"]
[BlackElo "1624"]
[PlyCount "45"]
[EventDate "2019.07.07"]
[EventType "swiss"]
[EventRounds "9"]
[EventCountry "WLS"]
[SourceTitle "CBM 191 Extra"]
[Source "ChessBase"]
[SourceDate "2019.09.30"]
[SourceVersion "1"]
[SourceVersionDate "2019.09.30"]
[SourceQuality "1"]

1. e4 e6 2. Nf3 d5 3. e5 c5 4. b4 cxb4 5. a3 Nc6 6. axb4 Bxb4 7. c3 Be7 8. d4 f6 9. Bd3 fxe5 10. Nxe5 Nxe5 11. dxe5 Nh6 12. Bxh6 gxh6 13. Bb5+ Kf7 14. Qh5+ Kg7 15. Ra4 Rg8 16. Bd3 Qf8 17. g3 Qe8 18. Rg4+ Kh8 19. Qxh6 Qf7 20. Rf4 Qg7 21. Qh5 Bg5 22. Rf7 Qxe5+ 23. Kf1 1-0

[Event "London Classic U1825 op 10th"]
[Site "London"]
[Date "2018.12.14"]
[Round "1"]
[White "Ong, Weng Yan"]
[Black "Musselman, Charles"]
[Result "1/2-1/2"]
[WhiteElo "1564"]
[BlackElo "1706"]
[PlyCount "43"]
[EventDate "2018.12.14"]
[EventType "swiss"]
[EventRounds "5"]
[EventCountry "ENG"]
[SourceTitle "CBM 187 Extra"]
[Source "ChessBase"]
[SourceDate "2018.11.04"]
[SourceVersion "1"]
[SourceVersionDate "2018.11.04"]
[SourceQuality "1"]

1. e4 Nc6 2. Nf3 d6 3. d4 Nf6 4. Nc3 Bg4 5. Be2 e5 6. dxe5 Nxe5 7. Nxe5 Bxe2 8. Qxe2 dxe5 9. Bd2 c6 10. 0-0-0 Qc7 11. f3 Be7 12. Be3 0-0 13. Rd2 Bb4 14. Qc4 Bxc3 15. Qxc3 a5 16. Rhd1 h6 17. Bc5 Rfd8 18. Rxd8+ Rxd8 19. Rxd8+ Qxd8 20. Qxe5 Nd7 21. Qd6 Qg5+ 22. f4 1/2-1/2